000
00331nam a2200109Ia 4500
008
221009s9999 xx 000 0 und d
082
_a
800 BOOK
100
_a
अवस्थी राजेन्द्र
_9
45511
245
0
_a
शहर से दूर
260
_b
नेशनल पब्लिकेशन
942
_c
BK
999
_c
64666
_d
64666